| 000 | 01403cam a2200217 4500 | ||
|---|---|---|---|
| 001 | L128478 | ||
| 008 | 050110n2003 000 0 eng u | ||
| 020 | _a1859418325 | ||
| 035 | _a(Sirsi) u128478 | ||
| 041 | _aeng | ||
| 050 |
_a614.7026 _c21 |
||
| 100 | _aWolf, Susan | ||
| 245 | _aWolf and Stanley on environmental law | ||
| 250 | _a4th ed. | ||
| 260 |
_aLondon _bCavendish Publishing _c2003 |
||
| 300 |
_axxxviii, 532p. _c24cm. |
||
| 350 | _a26 | ||
| 520 | _aProvides detailed but accessible coverage of the key features of pollution control law in England and Wales. This edition is updated to take account of all the recent (2003) developments in environmental law in respect of waste, water, air and sentencing policy. Defines what environmental law is and examines its administration and enforcement and also EU environmental law and policy. Looks at water pollution, waste management, integrated pollution control and integrated pollution prevention control, contaminated land, atmospheric pollution, statutory nuisance and noise pollution. Concludes with chapters on aspects of the private regulation of environmental pollution. Key sources of further information are listed at the end of each chapter. Appendix. The book is supported by a companion website www.cavendishpublishing.com/envlaw. | ||
| 690 | _aENVIRONMENTAL AND LAND CONSULTANCY-ENVIRONMENTAL MANAGEMENT | ||
| 942 | _n0 | ||
| 999 |
_c103921 _d103921 |
||